000 00356cam a2200145ua 4500
041 _aeng
_h
082 _a824
_bSCO/FI
100 _aScott, Hazlitt .
245 _aFielding: Sections /
_cHazlitt,Scott.
_hTextual Documents
260 _a :
_bOxford & IBH Book Company ,
_c1923.
300 _a176 ; .
504 _a
942 _cBK
999 _c11816
_d11816